000 00723nam a2200205Ia 4500
003 GCL
008 140319s9999 xx 000 0 ara d
040 _aGCL /
_cGCL
082 0 4 _aط
_b229.5
_bع ق
100 1 _aعبدالسلام العشرى
245 1 0 _aقصص القران للناشئين : الفلك المشحون- شجرة الخلد - الغراب المرشد /
_cعبدالسلام العشرى
250 _aالاولى
260 _aالقاهرة :
_bمطبعة نهضة مصر ،
_c1984
300 _aمتعدد ؛
_c20 سم
490 _aقصص القرآن للناشئين
_v0
650 0 4 _aالاسلام
650 0 4 _aالقصص
650 0 4 _aالقصص القرآنية
942 _2ddc
_cBK
999 _c43166
_d43166